| 000 | 00340nam a22001217a 4500 | ||
|---|---|---|---|
| 999 |
_c2733 _d2733 |
||
| 008 | 200316b ||||| |||| 00| 0 eng d | ||
| 100 |
_9771 _aGill, J. S. |
||
| 245 | 1 | 0 |
_aManual of merchant shipping act 1958 _cby J.S. Gill. |
| 260 |
_aMumbai: _bBhandarkar Publications, _c2008. |
||
| 300 | _axxxiv,273p. | ||
| 650 | 0 | _aMaritime Law | |
| 942 | _cBK | ||